00443 a2200121 4500100003400000245006100034300003800095650002100133773005500154942000700209952008800216999001700304 aWUNPINI, Haruna Yussif924110 aMTTD launches automated traffic system in Eastern region aMonday, September 4, 2023 Page 23 aTransport9138060 tDaily GraphicdAccra Daily Graphic 2023x0855-1529 cPR 001040718PRaPLbPLcTFEWd2023-09-06l0r2023-09-06 00:00:00t1w2023-09-06yPR c45797d45797